Socialno-ikonomičeskoto makroprogramirovane i indikativno planirane v pazarnata ikonomika.

Prehľad makroekonomického programovania a indikatívneho plánovania uplatňovaných vo vyspelých trhových ekonomikách. Úloha v ekonomických systémoch. Prezentácia pravdepodobnostného modelu systému makroekonomickej koordinácie v BR, zahrňujúceho strategické prognózy, strednodobý koordinačný plán a prio...

Descrizione completa

Salvato in:
Dettagli Bibliografici
Autore principale: Gerova, A.
Natura: Capitolo di libro
Lingua:bulgaro
Soggetti:
Tags: Aggiungi Tag
Nessun Tag, puoi essere il primo ad aggiungerne!!

MARC

LEADER 00000naa a2200000 4500
001 r002971
005 20220819194656.8
041 0 |a bul 
044 |a BG 
245 1 0 |a Socialno-ikonomičeskoto makroprogramirovane i indikativno planirane v pazarnata ikonomika.  |c A. Gerova 
520 |a Prehľad makroekonomického programovania a indikatívneho plánovania uplatňovaných vo vyspelých trhových ekonomikách. Úloha v ekonomických systémoch. Prezentácia pravdepodobnostného modelu systému makroekonomickej koordinácie v BR, zahrňujúceho strategické prognózy, strednodobý koordinačný plán a prioritné programy. Relatívnosť charakteru modelu pre možnosti výberu nástrojov makroekonomickej koordinácie. 
610 2 0 |a plánovanie makroekonomické 
610 2 0 |a plánovanie sociálno-ekonomické 
610 2 0 |a hospodárstvo trhové 
610 2 0 |a modely plánovania 
610 2 0 |a modely prognostické 
610 2 0 |a modely makroekonomické 
610 2 0 |a koordinácia 
610 2 0 |a plán hospodársky 
610 2 0 |a plán strednodobý 
610 2 0 |a BR 
610 2 0 |a plánovanie indikatívne 
100 1 |a Gerova, A.